|
|
|
|
| LEADER |
00000nam0a2200000 4500 |
| 001 |
277243 |
| 005 |
20231101235010.0 |
| 020 |
|
|
|a RU
|b 85-87143
|
| 035 |
|
|
|a (RuTPU)RU\TPU\book\300516
|
| 090 |
|
|
|a 277243
|
| 100 |
|
|
|a 20141201d1985 km y0rusy5003 ca
|
| 101 |
0 |
|
|a rus
|
| 102 |
|
|
|a RU
|
| 105 |
|
|
|a y z 001zy
|
| 200 |
1 |
|
|a Западноевропейский капитал в США
|f Ю. И. Юданов
|g Академия наук СССР (АН СССР), Институт мировой экономики и международных отношений (ИМЭМО)
|
| 210 |
|
|
|a Москва
|c Наука
|d 1985
|
| 215 |
|
|
|a 272 с.
|
| 606 |
1 |
|
|a Внешнеэкономическая политика
|y США
|2 stltpush
|3 (RuTPU)RU\TPU\subj\38227
|9 58881
|
| 610 |
1 |
|
|a экспорт капитала
|
| 610 |
1 |
|
|a американо- западноевропейские экономические связи
|
| 610 |
1 |
|
|a западноевропейско-американские экономические связи
|
| 610 |
1 |
|
|a вывоз капитала
|
| 610 |
1 |
|
|a инвестиции
|
| 610 |
1 |
|
|a 20 век
|
| 686 |
|
|
|a У9(71США)8
|v LBC/SL-A
|2 rubbk
|
| 700 |
|
1 |
|a Юданов
|b Ю. И.
|g Юрий Игнатьевич
|4 070
|
| 712 |
0 |
2 |
|a Академия наук СССР (АН СССР)
|b Институт мировой экономики и международных отношений (ИМЭМО)
|c (Москва)
|2 stltpush
|3 (RuTPU)RU\TPU\col\11484
|
| 801 |
|
0 |
|a RU
|b RuMRKP
|c 19950704
|g psbo
|
| 801 |
|
1 |
|a RU
|b 63413507
|c 20141201
|
| 801 |
|
2 |
|a RU
|b 63413507
|c 20171220
|g RCR
|
| 942 |
|
|
|c BK
|